000 01588cam a22002054a 4500
005 20250605164218.0
008 250528s ||||||||||||||||||||||||d
035 _a20544
020 _a891630368
040 _aGR-AtMCL
_bgre
_dGR-AtMCL
_eAACR2
245 1 _aPopular Culture / Mirror of American Life
260 _bUniversity Of California Press,
_c1977
300 _a360
505 0 _aPreface, Introduction, What Manner of Mirror?, The Popular Arts and the Popular Audience, The Deejays, The Language of Advertising, The Discovery of the Popular Culture, Focus on the Western, Popular Culture and American Institutions, Hollywood Harakiri, Eyewitless News, Rock as Folk Art, Age of Pretty Pop, Popular Culture and Social Change, The Pseudo-Event, Politics in the Movies, To Find an Image, The Big Lie, The Lady as Jock, The Life-Style Rebellion, The Future of Popular Culture, The Untouchable Wonders, About a Secret Crocodile.
520 _aPreface, Introduction, What Manner of Mirror?, The Popular Arts and the Popular Audience, The Deejays, The Language of Advertising, The Discovery of the Popular Culture, Focus on the Western, Popular Culture and American Institutions, Hollywood Harakiri, Eyewitless News, Rock as Folk Art, Age of Pretty Pop, Popular Culture and Social Change, The Pseudo-Event, Politics in the Movies, To Find an Image, The Big Lie, The Lady as Jock, The Life-Style Rebellion, The Future of Popular Culture, The Untouchable Wonders, About a Secret Crocodile.
700 1 _aManning White David
_96526
942 _cBK
999 _c5642
_d5642